00311nam a2200109 a 450000500170000000800410001705000170005810000280007524500510010326000410015444000060019520140414131917.0101019s19uu xx 00 eng d aERbP93 2005 aLewison, Wendy Cheyette aPrincess Buttercup :ba flower princess story. aNew York :bGrosset & Dulap,c2001. a